| 000 | 00410nam a2200157Ia 4500 | ||
|---|---|---|---|
| 008 | 160316s1994 xxu||||| |||| 00| 0 eng d | ||
| 082 |
_a344.046750 _bKUL |
||
| 100 | _aKulkarni Sharad | ||
| 245 | _aProposed forest act: An assessment | ||
| 250 | _a | ||
| 260 |
_a _bEconomic and Political Weekly _c1994 |
||
| 300 |
_a4 _b _c |
||
| 365 | _b | ||
| 650 | _a1. Forest act 2. Conservation - ecology | ||
| 700 |
_a _a |
||
| 999 |
_c39612 _d39612 |
||